| 000 | 00950nam a22003017a 4500 | ||
|---|---|---|---|
| 001 | 7508 | ||
| 003 | FISKH | ||
| 005 | 20250722143143.0 | ||
| 008 | 250722b cb ||||| |||| 00| 0 eng d | ||
| 020 | _a9780863134517 | ||
| 040 |
_aFISKH _beng _cFISKH _dFISKH |
||
| 050 | _aGB512 .B72 | ||
| 082 | _a551.4 | ||
| 100 | _aBramwell, Martyn | ||
| 245 |
_aMountains / _cBy Martyn Bramwell |
||
| 260 |
_aLondon : _bFranklin Watts, _c1996. |
||
| 300 |
_a31 pages : _bcolor illustrations ; _c25 cm . |
||
| 490 | _aEarth Science Library | ||
| 505 | _aR | ||
| 520 | _aDescribes the characteristics of mountains, how they are formed, how they affect the weather, and how they are used by people. | ||
| 521 | 8 |
_a750
_bLexile estimate |
|
| 521 | 8 |
_aR
_bRaz-Plus |
|
| 650 |
_aMaps and geography _vNon-fiction |
||
| 650 |
_aNatural science _vNon-fiction |
||
| 700 |
_aForsey, Chris _eIllustrator |
||
| 942 |
_2ddc _cBK _n0 |
||
| 999 |
_c7508 _d7508 |
||